| 000 | 01340 a2200169 4500 | ||
|---|---|---|---|
| 003 | Nust | ||
| 005 | 20230127122529.0 | ||
| 040 | _cNust | ||
| 082 | _a920,CLA | ||
| 100 |
_aClark, Mark _9105809 |
||
| 245 |
_aCalculated Risk / _cGeneral Mark Clark |
||
| 260 | _aLondon | ||
| 300 | _a478:p | ||
| 505 | _aThe Road Back to Rome : May 1949 (Page-13), Getting Ready for War July 1940-June 1942 (Page-19), We Decide on Torch : June 1942-Aigust 1942 (Page-34), Deputy to Eisenhower : Aug 1942-Oct 1942 (Page-47), Secret Mission to Africa : Oct 24 , 1942 (Page-73), The Darlan Deal : Nov 1942-Dec 1942 (Page-94), The Drive for Tunsia : Dec 1942-Jan 1943 (Page-133), The Fifth Army the Arabs and Some VIP : Jan 1943-Sep 1943 (Page-142), Salerno a Near Disaster : Sep 1943 (Page-179), From the Volturno to Cassino in Mud : Oct 1943-Nov 1943 (Page-209), The Drive into German Winter line : Dec 1943 (Page-230), The Rapido – Garigliano Front : Jan 1944 (Page-251), The Agony of Anzio : Jan 1944-Feb 1944 (Page-270), Cassino : Mar 1944 (Page-295), Rome the Great Prize: Apr 1944-Jun 1944 (Page-316), Pursuit to the Arno : Jun 1944-Oct 1944 (Page-347), The Hard Winter in the Apennines Nov 1944-Mar 1945 (Page-380), The Surrender : May 2,1945 (Page-400), The Moscow Conference :Mar 1947 (Page-451). | ||
| 650 |
_aBiography _9461 |
||
| 942 |
_2ddc _cBK |
||
| 999 |
_c187026 _d187026 |
||